[Event "Thüringenliga 2015/2016"]
[Site "?"]
[Date "2015.11.08"]
[Round "3"]
[White "Neubauer, Andreas"]
[Black "Mehlhorn, Uwe"]
[Result "1/2-1/2"]
[WhiteElo "2056"]
[BlackElo "2097"]
[PlyCount "184"]
[EventDate "2015.??.??"]
[WhiteTeam "SG Blau-Weiß Stadtilm"]
[BlackTeam "Ilmenauer SV"]

1. Nf3 d6 2. c4 g6 3. g3 Bg7 4. Bg2 e5 5. d3 c5 6. O-O Ne7 7. Nc3 O-O 8. Rb1
Nbc6 9. a3 Rb8 10. Bd2 Nd4 11. e3 Nxf3+ 12. Bxf3 Be6 13. Nd5 Nxd5 14. cxd5 Bh3
15. Bg2 Bxg2 16. Kxg2 f5 17. e4 f4 18. gxf4 exf4 19. f3 Bd4 20. Bc3 Qf6 21. Qc2
b5 22. Bxd4 Qxd4 23. Qc3 Qe3 24. Rbc1 a5 25. Qxa5 b4 26. Rc2 Qxd3 27. Rff2 bxa3
28. bxa3 Rb3 29. Qc7 Qa6 30. Qd7 Rf7 31. Qe6 Kg7 32. Rxc5 Qxa3 33. Rc6 Rb2 34.
Rcc2 Rbb7 35. Rc6 Rb2 36. Rcc2 Rxc2 37. Rxc2 Qb3 38. Rf2 Qb8 39. Rc2 Qd8 40.
Rc6 Qg5+ 41. Qg4 Qe5 42. Qc8 h5 43. Qb8 Qg5+ 44. Kf2 Qh4+ 45. Kg2 Qg5+ 46. Kf2
h4 47. Rc8 Qe5 48. Rh8 Qe7 49. Qg8+ Kf6 50. Rxh4 Ke5 51. Qh8+ Qf6 52. Qxf6+
Rxf6 53. Kg2 Kd4 54. Kh3 Ke3 55. Kg4 Rf8 56. Rh7 Ra8 57. Rb7 Ra3 58. h4 Rd3 59.
Rb6 Kf2 60. Rxd6 Rxf3 61. e5 Ke3 62. Rxg6 Rg3+ 63. Kf5 Rxg6 64. Kxg6 f3 65. e6
f2 66. e7 f1=Q 67. e8=Q+ Kd4 68. Qe6 Qg2+ 69. Kf7 Qc2 70. Kf6 Qf2+ 71. Kg5 Qd2+
72. Kh5 Qd3 73. d6 Qh7+ 74. Kg5 Qg7+ 75. Kf5 Qh7+ 76. Qg6 Qd7+ 77. Qe6 Qh7+ 78.
Kf6 Qxh4+ 79. Kf7 Qh7+ 80. Ke8 Qh8+ 81. Kd7 Kc5 82. Qe3+ Kd5 83. Qf3+ Kc5 84.
Qf5+ Kd4 85. Kc7 Qh2 86. Qe6 Kc5 87. Qe3+ Kd5 88. Qe7 Qc2+ 89. Kd8 Qc6 90. d7
Qa8+ 91. Kc7 Qa7+ 92. Kc8 Qa8+ 1/2-1/2

[Event "Thüringenliga 2015/2016"]
[Site "?"]
[Date "2015.11.08"]
[Round "3"]
[White "Sukaylo, Aleksey"]
[Black "George, Tom"]
[Result "0-1"]
[WhiteElo "2051"]
[BlackElo "2032"]
[PlyCount "118"]
[EventDate "2015.??.??"]
[WhiteTeam "Ilmenauer SV"]
[BlackTeam "SG Blau-Weiß Stadtilm"]

1. e4 e5 2. Nf3 Nc6 3. Bc4 Bc5 4. c3 Nf6 5. d4 exd4 6. cxd4 Bb4+ 7. Bd2 Nxe4 8.
Bxb4 Nxb4 9. Bxf7+ Kxf7 10. Qb3+ d5 11. Ne5+ Kf6 12. Qxb4 c5 13. Qa4 Qb6 14.
Nc3 Rd8 15. Nxe4+ dxe4 16. Nc4 Qb4+ 17. Qxb4 cxb4 18. Rd1 Be6 19. b3 Bxc4 20.
bxc4 b6 21. f3 exf3 22. O-O Rac8 23. Rxf3+ Kg6 24. Rg3+ Kf7 25. Rf3+ Kg8 26. d5
Rxc4 27. d6 Rc6 28. d7 Rf6 29. Rb3 a5 30. a3 bxa3 31. Rxa3 Kf7 32. g3 Ke7 33.
Rad3 b5 34. Rd5 Rb6 35. Re1+ Kf7 36. Ree5 b4 37. Rxa5 Rxd7 38. Ra2 Re7 39. Rd5
b3 40. Rb2 Rc7 41. Rdd2 Rc3 42. Kg2 Rbc6 43. Kf2 Rc2 44. Ke1 R6c3 45. Kd1 Rxb2
46. Rxb2 Kg6 47. Rb1 Kf5 48. Kd2 Rf3 49. Ke2 Ke4 50. Ra1 Re3+ 51. Kd2 Rd3+ 52.
Ke2 b2 53. Rb1 Rb3 54. g4 g5 55. Kd2 Kf3 56. Kc2 Rb5 57. Rf1+ Kxg4 58. Kb1 Kh3
59. Rf6 h5 0-1

[Event "Thüringenliga 2015/2016"]
[Site "?"]
[Date "2015.11.08"]
[Round "3"]
[White "Siebarth, Marco"]
[Black "Möller, Axel"]
[Result "1-0"]
[WhiteElo "1962"]
[BlackElo "2007"]
[PlyCount "103"]
[EventDate "2015.??.??"]
[WhiteTeam "SG Blau-Weiß Stadtilm"]
[BlackTeam "Ilmenauer SV"]

1. e4 e6 2. d4 d5 3. Nd2 Nf6 4. e5 Nfd7 5. Bd3 c5 6. c3 Nc6 7. Ne2 cxd4 8. cxd4
f6 9. exf6 Nxf6 10. O-O Bd6 11. Nf3 O-O 12. b3 Bd7 13. Bb2 Ng4 14. Ng3 Qf6 15.
Qe2 Rae8 16. h3 Nh6 17. Ne5 Bc8 18. Nxc6 bxc6 19. Qc2 Nf5 20. Qxc6 Nxg3 21.
fxg3 Qe7 22. Rxf8+ Rxf8 23. g4 Bb7 24. Qc2 Qh4 25. Rf1 Rxf1+ 26. Kxf1 h5 27.
gxh5 Qxh5 28. Qe2 Qh6 29. Ke1 Bc6 30. Kd1 a5 31. Qd2 a4 32. Qxh6 gxh6 33. Bc3
axb3 34. axb3 Kf7 35. Bd2 h5 36. Bc3 Kf6 37. Ba6 Kf5 38. b4 Ba4+ 39. Ke2 Ke4
40. Bd3+ Kf4 41. Bd2+ Kg3 42. Kf1 Bb3 43. b5 Bc4 44. Bxc4 dxc4 45. b6 e5 46. d5
e4 47. b7 Bb8 48. Bb4 c3 49. Ke2 c2 50. Kd2 e3+ 51. Kxc2 e2 52. d6 1-0

[Event "Thüringenliga 2015/2016"]
[Site "?"]
[Date "2015.11.08"]
[Round "3"]
[White "Töpfer, Albrecht"]
[Black "Werner, Justus"]
[Result "1-0"]
[WhiteElo "1977"]
[BlackElo "1887"]
[PlyCount "55"]
[EventDate "2015.??.??"]
[WhiteTeam "Ilmenauer SV"]
[BlackTeam "SG Blau-Weiß Stadtilm"]

1. c4 c5 2. Nf3 Nc6 3. g3 g6 4. Bg2 Bg7 5. O-O e6 6. Nc3 Nge7 7. d3 O-O 8. Bg5
h6 9. Bd2 d5 10. Rb1 b6 11. cxd5 exd5 12. a3 Bb7 13. b4 c4 14. dxc4 dxc4 15.
Qc1 Kh7 16. Rd1 Qc8 17. Nb5 Nf5 18. Qxc4 a6 19. Nc3 Nce7 20. Qxc8 Raxc8 21. Na4
Be4 22. Ng5+ hxg5 23. Bxe4 Nd6 24. Bf3 Nc4 25. Bxg5 Nf5 26. Bg4 Rfe8 27. Rbc1
Rc7 28. Nxb6 1-0

[Event "Thüringenliga 2015/2016"]
[Site "?"]
[Date "2015.11.08"]
[Round "3"]
[White "Berner, Stephan"]
[Black "Rempel, Patrick"]
[Result "0-1"]
[WhiteElo "1865"]
[BlackElo "2026"]
[PlyCount "62"]
[EventDate "2015.??.??"]
[WhiteTeam "SG Blau-Weiß Stadtilm"]
[BlackTeam "Ilmenauer SV"]

1. e4 c5 2. Nc3 g6 3. f4 Bg7 4. Nf3 Nc6 5. Bc4 e6 6. d3 Nge7 7. O-O O-O 8. Qe1
Nd4 9. Nxd4 cxd4 10. Nd1 d5 11. Bb3 dxe4 12. dxe4 Nc6 13. Nf2 Na5 14. Ba4 Qc7
15. Nd3 a6 16. Bd2 Nc4 17. Bb3 b6 18. Qe2 Re8 19. Rae1 Bb7 20. Kh1 Nd6 21. Nf2
Qc6 22. Rg1 a5 23. a4 Kh8 24. Qd3 Rad8 25. h3 f5 26. e5 Ne4 27. Nxe4 fxe4 28.
Qc4 Qd7 29. c3 Bd5 30. Qxd4 Bxb3 31. Rxe4 Qc6 0-1

[Event "Thüringenliga 2015/2016"]
[Site "?"]
[Date "2015.11.08"]
[Round "3"]
[White "Falk, Kristoffer"]
[Black "Dittrich, Tom"]
[Result "1-0"]
[WhiteElo "1880"]
[BlackElo "1766"]
[PlyCount "121"]
[EventDate "2015.??.??"]
[WhiteTeam "Ilmenauer SV"]
[BlackTeam "SG Blau-Weiß Stadtilm"]

1. d4 Nf6 2. Nf3 g6 3. g3 Bg7 4. Bg2 O-O 5. c4 d6 6. O-O Nbd7 7. Nc3 e5 8. e4
a6 9. Re1 exd4 10. Nxd4 Rb8 11. Rb1 Ne5 12. b3 c5 13. Nc2 Nc6 14. Bg5 h6 15.
Bc1 b5 16. cxb5 axb5 17. Nd5 Bb7 18. Nxf6+ Qxf6 19. Ne3 Kh7 20. Bb2 Nd4 21. Nc2
Rfe8 22. Nxd4 cxd4 23. Qd2 d5 24. exd5 Red8 25. Rbd1 Bxd5 26. Bxd4 Bxg2 27.
Bxf6 Rxd2 28. Rxd2 Bxf6 29. Rd6 Bc3 30. Rc1 Be5 31. Rd7 Rb7 32. Rxb7 Bxb7 33.
Rc5 Bd4 34. Rxb5 Ba6 35. Rd5 Bc3 36. a3 Kg7 37. b4 Bb7 38. Rd3 Be5 39. b5 Kf6
40. a4 Ke6 41. a5 Bc7 42. Ra3 Bd6 43. Re3+ Kd7 44. Rd3 Kc7 45. a6 Ba8 46. b6+
Kxb6 47. Rxd6+ Kc7 48. Rd1 Bf3 49. Rb1 h5 50. a7 Bb7 51. Kf1 Ba6+ 52. Ke1 Bb7
53. Kd2 Kc6 54. Ke3 Kc7 55. Kd4 f6 56. Kc5 g5 57. Rxb7+ Kxb7 58. Kd6 Kxa7 59.
Ke6 Kb6 60. Kxf6 g4 61. Kg5 1-0

[Event "Thüringenliga 2015/2016"]
[Site "?"]
[Date "2015.11.08"]
[Round "3"]
[White "Recknagel, Michael"]
[Black "Darr, Sascha"]
[Result "1-0"]
[WhiteElo "2194"]
[BlackElo "2066"]
[PlyCount "117"]
[EventDate "2015.??.??"]
[WhiteTeam "SC Suhl"]
[BlackTeam "SV Jenapharm Jena"]

1. e4 e5 2. Nc3 Nf6 3. g3 Nc6 4. Bg2 Bc5 5. d3 d6 6. Nge2 a6 7. h3 Bd7 8. O-O
h6 9. Kh2 Nh7 10. Nd5 Ne7 11. Ne3 Qc8 12. f4 Ba7 13. d4 Ng6 14. c3 O-O 15. Nf5
Qe8 16. Ng1 Nf6 17. fxe5 dxe5 18. Nxh6+ gxh6 19. Rxf6 Kg7 20. Rf1 Rd8 21. Be3
Bc6 22. Qd2 Rh8 23. Qf2 Rd7 24. Rad1 Rf8 25. Ne2 Bb5 26. b3 Rd6 27. c4 Bc6 28.
c5 Rd8 29. Nc3 Bb5 30. Qf6+ Kh7 31. Rf5 Qe6 32. Nxb5 Qxf6 33. Rxf6 axb5 34. d5
Kg7 35. Rdf1 Ra8 36. h4 Nf4 37. R6xf4 exf4 38. Bd4+ f6 39. Rxf4 Rae8 40. Bh3
Re7 41. Bf5 h5 42. g4 Kh6 43. Be3 Rh8 44. Be6 hxg4 45. Rxg4+ Kh5 46. Kh3 Rxe6
47. dxe6 Re8 48. Kg3 Rxe6 49. Kf3 b4 50. Rf4 b6 51. Rf5+ Kg6 52. h5+ Kg7 53.
Rd5 bxc5 54. Rd7+ Kg8 55. Rxc7 Ra6 56. Rc8+ Kh7 57. Ra8 Ra3 58. Kg4 Rxa2 59.
Bxc5 1-0

[Event "Thüringenliga 2015/2016"]
[Site "?"]
[Date "2015.11.08"]
[Round "3"]
[White "August, Daniel"]
[Black "Silberschlag, Jörg"]
[Result "1/2-1/2"]
[WhiteElo "2011"]
[BlackElo "2075"]
[PlyCount "158"]
[EventDate "2015.??.??"]
[WhiteTeam "SV Jenapharm Jena"]
[BlackTeam "SC Suhl"]

1. c4 e6 2. g3 d5 3. Bg2 Nf6 4. Nf3 Be7 5. O-O O-O 6. b3 Nbd7 7. Bb2 Ne4 8. Nc3
Nxc3 9. Bxc3 Nb6 10. d3 Bf6 11. Bxf6 Qxf6 12. e3 e5 13. Nd2 c6 14. c5 Nd7 15.
b4 Qe7 16. Qb3 Nf6 17. Rfc1 Be6 18. Qb2 Bf5 19. d4 Rfe8 20. dxe5 Ng4 21. Nf3
Be4 22. Nd4 Nxe5 23. Rc3 Qf6 24. Rb3 h5 25. Qe2 g6 26. a4 a6 27. Ra2 Bxg2 28.
Kxg2 h4 29. g4 h3+ 30. Kxh3 Kg7 31. Kg2 Rh8 32. f3 Rxh2+ 33. Kxh2 Qh4+ 34. Kg1
Rh8 35. Qh2 Qe1+ 36. Kg2 Rxh2+ 37. Kxh2 Nc4 38. Re2 Qd1 39. Kg2 Nxe3+ 40. Rexe3
Qxd4 41. Red3 Qa1 42. a5 Kf6 43. Rd2 Kg5 44. Rbd3 Qe1 45. Rd4 Kh4 46. R2d3 Kg5
47. Rd2 Kh4 48. R2d3 f6 49. Kh2 Qf2+ 50. Kh1 Kg3 51. f4+ Kxg4 52. Rd2 Qf3+ 53.
Kh2 Qh3+ 54. Kg1 Qe3+ 55. Kf1 Kf5 56. R2d3 Qc1+ 57. Rd1 Qe3 58. R1d3 Qe7 59.
Kf2 Qh7 60. Kg3 Qh5 61. Rf3 Qh1 62. Rfd3 Qg1+ 63. Kf3 g5 64. fxg5 fxg5 65. Rd1
g4+ 66. Ke2 Qg2+ 67. Ke1 g3 68. R4d2 Qe4+ 69. Kf1 Qxb4 70. Kg2 Qxc5 71. Rf1+
Kg5 72. Rf3 Qc4 73. Rxg3+ Kf5 74. Re3 Kf4 75. Re7 Kg5 76. Rf2 Qg4+ 77. Kf1 Qd1+
78. Kg2 Qg4+ 79. Kf1 Qd1+ 1/2-1/2

[Event "Thüringenliga 2015/2016"]
[Site "?"]
[Date "2015.11.08"]
[Round "3"]
[White "Eichelmann, Andre"]
[Black "Mißbach, Bernd"]
[Result "1-0"]
[WhiteElo "1901"]
[BlackElo "1961"]
[PlyCount "55"]
[EventDate "2015.??.??"]
[WhiteTeam "SC Suhl"]
[BlackTeam "SV Jenapharm Jena"]

1. d4 g6 2. c4 Bg7 3. Nc3 c5 4. Nf3 cxd4 5. Nxd4 Nc6 6. Nb3 Nf6 7. e4 d6 8. Be2
O-O 9. O-O b6 10. Be3 Bb7 11. Rc1 Rc8 12. f3 Ne5 13. Nd2 Qd7 14. b3 h5 15. h3
Nc6 16. Nd5 e6 17. Nc3 d5 18. exd5 exd5 19. Nxd5 Nxd5 20. cxd5 Qxd5 21. Bc4 Qa5
22. Ne4 Rcd8 23. Qe1 Qxe1 24. Rfxe1 Bd4 25. Bxd4 Nxd4 26. Ng5 b5 27. Bxf7+ Rxf7
28. Nxf7 1-0

[Event "Thüringenliga 2015/2016"]
[Site "?"]
[Date "2015.11.08"]
[Round "3"]
[White "Wicklein, Stefan"]
[Black "Berghof, Axel"]
[Result "0-1"]
[WhiteElo "1952"]
[BlackElo "2046"]
[PlyCount "96"]
[EventDate "2015.??.??"]
[WhiteTeam "SV Jenapharm Jena"]
[BlackTeam "SC Suhl"]

1. c4 e5 2. g3 f5 3. Bg2 Nf6 4. Nf3 e4 5. Nd4 d5 6. cxd5 Qxd5 7. Nc2 Bc5 8. Nc3
Qf7 9. d4 Bb6 10. Bg5 O-O 11. Bxf6 Qxf6 12. e3 Be6 13. Qe2 Qf7 14. Bf1 Nc6 15.
Qb5 a6 16. Qa4 Ba5 17. b4 b5 18. Qa3 Bb6 19. Qb2 Ne7 20. Be2 c6 21. O-O Qg6 22.
Ne1 f4 23. exf4 Bxd4 24. Ng2 Kh8 25. Qc2 Nd5 26. Nxd5 cxd5 27. Rac1 Rac8 28.
Qd2 Bb6 29. f5 Qxf5 30. Nf4 Bf7 31. Rxc8 Rxc8 32. Rc1 Rxc1+ 33. Qxc1 g5 34. Qc6
Bxf2+ 35. Kxf2 gxf4 36. Qc3+ Kg8 37. gxf4 Qxf4+ 38. Ke1 Qh4+ 39. Kd1 Qxh2 40.
Qc8+ Kg7 41. Qg4+ Kf6 42. Qc8 Qg1+ 43. Kc2 Kg7 44. Qf5 Qg3 45. Kb2 h5 46. Bf1
d4 47. Qxe4 Qc3+ 48. Kb1 Bg6 0-1

[Event "Thüringenliga 2015/2016"]
[Site "?"]
[Date "2015.11.08"]
[Round "3"]
[White "Feld-Gerdes, Wolfgang"]
[Black "Zipfel, Frank"]
[Result "1-0"]
[WhiteElo "2048"]
[BlackElo "2014"]
[PlyCount "65"]
[EventDate "2015.??.??"]
[WhiteTeam "SC Suhl"]
[BlackTeam "SV Jenapharm Jena"]

1. e4 d5 2. exd5 Qxd5 3. Nc3 Qa5 4. Bc4 Nf6 5. d3 Bg4 6. f3 Bf5 7. Bd2 Qb6 8.
Qe2 c6 9. g4 Bg6 10. f4 h5 11. g5 Nfd7 12. O-O-O Na6 13. Rf1 Bf5 14. Nf3 e6 15.
g6 fxg6 16. Ng5 Nc7 17. Nxe6 Nxe6 18. Bxe6 O-O-O 19. Bxf5 gxf5 20. Qe6 Qa5 21.
Rhg1 Rh6 22. Rg6 Rxg6 23. Qxg6 Nf6 24. Re1 Qc5 25. Re5 Qf2 26. Qxf5+ Kb8 27. h3
Bb4 28. Re2 Qf3 29. Re1 Nd5 30. Nxd5 Rxd5 31. Re8+ Kc7 32. Qc8+ Kb6 33. Bxb4
1-0

[Event "Thüringenliga 2015/2016"]
[Site "?"]
[Date "2015.11.08"]
[Round "3"]
[White "Vater, Rainer"]
[Black "Müller, Bernd"]
[Result "1/2-1/2"]
[WhiteElo "1886"]
[BlackElo "1704"]
[PlyCount "124"]
[EventDate "2015.??.??"]
[WhiteTeam "SV Jenapharm Jena"]
[BlackTeam "SC Suhl"]

1. e4 d5 2. Nc3 d4 3. Nce2 c5 4. d3 Nc6 5. f4 Bg4 6. h3 Bxe2 7. Qxe2 e5 8. Nf3
Qc7 9. f5 g6 10. g4 h5 11. g5 Nge7 12. f6 Nc8 13. h4 Nb6 14. Bh3 Nd7 15. Bd2
Bd6 16. a3 Qb6 17. Rb1 Qc7 18. O-O b6 19. Kh1 Qb7 20. Be1 Qc7 21. Bf2 Qb7 22.
Nd2 b5 23. Bg3 Qc7 24. Rfc1 a5 25. Be1 Qb6 26. Ra1 Qb7 27. Nf1 Nb6 28. b3 Qb8
29. Rcb1 b4 30. Nd2 Qb7 31. Ra2 Bc7 32. Rba1 Qb8 33. Kh2 Qb7 34. Nc4 Nxc4 35.
dxc4 Rd8 36. Rd1 Qb8 37. Bg2 Qb6 38. Kg3 Qb7 39. Kh2 Qb6 40. Bh3 Qb7 41. Rd3
Qb8 42. Rg3 Qb7 43. Bg2 Rd6 44. Rd3 Rd8 45. Bf1 Ra8 46. Rd1 Qb8 47. Rda1 Qb7
48. Qf3 Rd8 49. Bh3 Qb8 50. Bd2 Qb7 51. axb4 cxb4 52. Rf1 Bb6 53. Qd3 Bc5 54.
Raa1 Bd6 55. Rf2 Bc5 56. Raf1 Rd6 57. Re2 Qc7 58. Be1 Nd8 59. Bg3 Ra6 60. Ra1
Ne6 61. Ra4 Ba7 62. Qd1 Nc5 1/2-1/2

[Event "Thüringenliga 2015/2016"]
[Site "?"]
[Date "2015.11.08"]
[Round "3"]
[White "Koch, Stefan"]
[Black "Rauhut, Frank"]
[Result "1-0"]
[WhiteElo "1902"]
[BlackElo "1890"]
[PlyCount "85"]
[EventDate "2015.??.??"]
[WhiteTeam "SC Suhl"]
[BlackTeam "SV Jenapharm Jena"]

1. d4 Nf6 2. Nf3 d6 3. c4 Nbd7 4. Nc3 e5 5. d5 c5 6. e4 Be7 7. Bd3 O-O 8. O-O
Ne8 9. Ne1 Bg5 10. Nc2 g6 11. Ne3 a6 12. g3 Ng7 13. f4 exf4 14. gxf4 Bf6 15.
Ne2 Nb6 16. Kh1 Nh5 17. Bd2 Qd7 18. f5 Na4 19. b3 Nb2 20. Qc2 Nxd3 21. Qxd3 Qe7
22. Nc3 Re8 23. Ng4 g5 24. Nxf6+ Qxf6 25. Bxg5 Qd4 26. Qf3 Nf6 27. Rg1 Kh8 28.
Rae1 Qe5 29. Bf4 Qe7 30. Qg3 Rg8 31. Bxd6 Qd8 32. Qf4 Nh5 33. Qe5+ f6 34. Qe7
Bd7 35. Qxd8 Rgxd8 36. Bxc5 b5 37. Bd4 bxc4 38. bxc4 Rdc8 39. c5 Bb5 40. Re3
Rg8 41. Rh3 Rxg1+ 42. Kxg1 Rg8+ 43. Kf2 1-0

[Event "Thüringenliga 2015/2016"]
[Site "?"]
[Date "2015.11.08"]
[Round "3"]
[White "Jung, Florian"]
[Black "Will, Ralph"]
[Result "1-0"]
[WhiteElo "1772"]
[BlackElo "1735"]
[PlyCount "93"]
[EventDate "2015.??.??"]
[WhiteTeam "SV Jenapharm Jena"]
[BlackTeam "SC Suhl"]

1. e4 c5 2. Nf3 d6 3. Nc3 a6 4. d4 cxd4 5. Nxd4 Nf6 6. Be2 g6 7. Be3 b5 8. Bf3
Bb7 9. Nd5 Nbd7 10. a4 bxa4 11. Nxf6+ Nxf6 12. e5 Bxf3 13. Qxf3 dxe5 14. Nc6 e4
15. Qxf6 exf6 16. Nxd8 Rxd8 17. Rxa4 f5 18. Rxa6 Bg7 19. Rb6 Rc8 20. c3 O-O 21.
Ke2 Rfd8 22. Rd1 Be5 23. g3 Kg7 24. Rxd8 Rxd8 25. Rb5 Bf6 26. h4 h5 27. Rb4 Rd7
28. Rb6 Be5 29. Rc6 Rd3 30. Rc4 Kf6 31. Rc6+ Ke7 32. Rb6 Rd7 33. Bc5+ Bd6 34.
Rxd6 Rxd6 35. Ke3 Ke6 36. Bxd6 Kxd6 37. Kd4 f6 38. b4 g5 39. c4 gxh4 40. gxh4
Ke6 41. b5 Kd6 42. c5+ Ke6 43. b6 Kd7 44. b7 Kc7 45. c6 Kb8 46. Ke3 Kc7 47. Kf4
1-0

[Event "Thüringenliga 2015/2016"]
[Site "?"]
[Date "2015.11.08"]
[Round "3"]
[White "Neidig, Stefan"]
[Black "Wehner, Janis"]
[Result "1/2-1/2"]
[WhiteElo "2172"]
[BlackElo "2157"]
[PlyCount "22"]
[EventDate "2015.??.??"]
[WhiteTeam "TSG Apolda"]
[BlackTeam "SV Medizin Erfurt"]

1. d4 Nf6 2. Nf3 g6 3. Bf4 Bg7 4. e3 O-O 5. h3 d6 6. Bc4 c5 7. O-O b6 8. Nc3
Ba6 9. Bxa6 Nxa6 10. Qe2 Nc7 11. Bh2 Qc8 1/2-1/2

[Event "Thüringenliga 2015/2016"]
[Site "?"]
[Date "2015.11.08"]
[Round "3"]
[White "Hausknecht, Matthias"]
[Black "Middelhoff, Cornelius"]
[Result "1-0"]
[WhiteElo "2113"]
[BlackElo "2093"]
[PlyCount "57"]
[EventDate "2015.??.??"]
[WhiteTeam "SV Medizin Erfurt"]
[BlackTeam "TSG Apolda"]

1. e4 c5 2. Nf3 Nc6 3. Nc3 e6 4. d4 cxd4 5. Nxd4 Qc7 6. Nxc6 bxc6 7. Bd3 Nf6 8.
O-O Be7 9. Qe2 d5 10. Kh1 d4 11. Na4 e5 12. Bd2 O-O 13. c3 c5 14. b3 Bg4 15. f3
Bd7 16. Nb2 Nh5 17. Rac1 Qd6 18. Nc4 Qe6 19. Nxe5 Qxe5 20. f4 Nxf4 21. Bxf4 Qe6
22. cxd4 cxd4 23. Rc4 Qb6 24. Bc7 Qe6 25. Rxd4 Bc5 26. Rd5 Bb6 27. Bg3 Qg4 28.
Qd2 h6 29. Be2 1-0

[Event "Thüringenliga 2015/2016"]
[Site "?"]
[Date "2015.11.08"]
[Round "3"]
[White "Goemann, Jens"]
[Black "Nguyen, Huy Dat"]
[Result "1/2-1/2"]
[WhiteElo "2073"]
[BlackElo "2050"]
[PlyCount "53"]
[EventDate "2015.??.??"]
[WhiteTeam "TSG Apolda"]
[BlackTeam "SV Medizin Erfurt"]

1. c4 Nf6 2. Nf3 e6 3. g3 Be7 4. Bg2 O-O 5. O-O d5 6. b3 c5 7. e3 Nc6 8. Bb2
Qc7 9. Qe2 dxc4 10. bxc4 b6 11. Nc3 a6 12. d4 cxd4 13. exd4 Bb7 14. Rac1 Na5
15. Nd1 Rac8 16. Ne3 Rfe8 17. Rfd1 Qb8 18. Bh3 Rcd8 19. Ne5 Qa8 20. f4 Bd6 21.
Rf1 Ne4 22. Qh5 g6 23. Qe2 f5 24. Bg2 Nf6 25. Bh3 Ne4 26. Bg2 Nf6 27. Bh3
1/2-1/2

[Event "Thüringenliga 2015/2016"]
[Site "?"]
[Date "2015.11.08"]
[Round "3"]
[White "Kirschbaum, Gunnar"]
[Black "Rohmeiß, Roberto"]
[Result "1-0"]
[WhiteElo "2114"]
[BlackElo "1990"]
[PlyCount "59"]
[EventDate "2015.??.??"]
[WhiteTeam "SV Medizin Erfurt"]
[BlackTeam "TSG Apolda"]

1. d4 d5 2. c4 c6 3. Nc3 e6 4. e4 dxe4 5. Nxe4 Nf6 6. Nxf6+ Qxf6 7. Nf3 Bb4+ 8.
Bd2 Bxd2+ 9. Qxd2 Nd7 10. Qe3 c5 11. Be2 cxd4 12. Nxd4 a6 13. O-O O-O 14. Rad1
e5 15. Nc2 Re8 16. Nb4 Qb6 17. Qc3 Nf6 18. Nd5 Nxd5 19. Rxd5 f6 20. Rfd1 Qc7
21. Qd3 Be6 22. Rd6 Rac8 23. b3 Kh8 24. h3 Rb8 25. Bg4 Bxg4 26. hxg4 Qf7 27.
Qf5 Kg8 28. Rd7 Qe6 29. Qe4 b5 30. R1d6 1-0

[Event "Thüringenliga 2015/2016"]
[Site "?"]
[Date "2015.11.08"]
[Round "3"]
[White "Mucha, Annegret"]
[Black "Reichel, Norbert"]
[Result "1/2-1/2"]
[WhiteElo "2005"]
[BlackElo "2040"]
[PlyCount "34"]
[EventDate "2015.??.??"]
[WhiteTeam "TSG Apolda"]
[BlackTeam "SV Medizin Erfurt"]

1. d4 Nf6 2. c4 g6 3. g3 Bg7 4. Bg2 O-O 5. Nc3 d6 6. e3 Nc6 7. Nge2 a6 8. O-O
Rb8 9. b3 Bd7 10. a4 Nb4 11. Na2 Nxa2 12. Rxa2 c5 13. Rd2 Qa5 14. Bb2 Bf5 15.
Nc3 Rfe8 16. h3 cxd4 17. exd4 h5 1/2-1/2

[Event "Thüringenliga 2015/2016"]
[Site "?"]
[Date "2015.11.08"]
[Round "3"]
[White "Müller-Ludwig, Kristin"]
[Black "Carnot, Luca"]
[Result "0-1"]
[WhiteElo "1935"]
[BlackElo "1811"]
[PlyCount "174"]
[EventDate "2015.??.??"]
[WhiteTeam "SV Medizin Erfurt"]
[BlackTeam "TSG Apolda"]

1. e4 c5 2. Nf3 Nc6 3. d4 cxd4 4. Nxd4 g6 5. c4 Bg7 6. Be3 Nf6 7. Nc3 O-O 8.
Be2 d6 9. O-O Bd7 10. f3 Nxd4 11. Bxd4 Bc6 12. Qd2 a5 13. b3 Nd7 14. Be3 Nc5
15. Rab1 Qb6 16. Rfc1 Rfc8 17. Bf1 Qd8 18. Rc2 h5 19. a3 b6 20. Nd5 Bxd5 21.
Qxd5 Nd7 22. Kh1 Qc7 23. Qd2 Qd8 24. Qf2 Rcb8 25. Rd1 Ne5 26. Rd5 Nd7 27. Rb5
Kh7 28. g3 Qh8 29. Bh3 Nc5 30. Qd2 a4 31. b4 Nb3 32. Qd5 e6 33. Qc6 Bd4 34. Bg5
Be5 35. Qd7 Qg7 36. Be3 Bd4 37. Bg5 Be5 38. Be3 Rd8 39. Qb7 Rab8 40. Qa6 Qf6
41. Rf2 Bd4 42. Bg5 Qg7 43. Rf1 Ra8 44. Qb7 f6 45. Qxg7+ Kxg7 46. Bf4 Kf7 47.
Rd1 g5 48. Bc1 Rdc8 49. Bf1 Ra7 50. f4 gxf4 51. Bxf4 e5 52. Bc1 Rg8 53. Be2 Rh8
54. h3 Raa8 55. Kg2 Ke7 56. Bd3 Rag8 57. Be2 Rg7 58. c5 Rhg8 59. g4 bxc5 60.
bxc5 Nxc5 61. Bf3 hxg4 62. hxg4 Kd7 63. Bd2 Kc6 64. Rb4 Rb7 65. Rdb1 Rgb8 66.
Kf1 Nb3 67. Be1 Rxb4 68. axb4 Ra8 69. Bd1 Rg8 70. Kg2 d5 71. exd5+ Kxd5 72. Kf3
e4+ 73. Kg2 f5 74. Rxb3 Rxg4+ 75. Bxg4 axb3 76. Bd1 b2 77. Bc2 f4 78. Kf1 f3
79. Bh4 e3 80. Bh7 Kc4 81. Ke1 Kxb4 82. Kd1 Kb3 83. Bg8+ Kc3 84. Bh7 e2+ 85.
Ke1 f2+ 86. Bxf2 Bxf2+ 87. Kxf2 Kd2 0-1

[Event "Thüringenliga 2015/2016"]
[Site "?"]
[Date "2015.11.08"]
[Round "3"]
[White "Maiwald, Harald"]
[Black "Jakob, Matthias"]
[Result "0-1"]
[WhiteElo "1922"]
[BlackElo "1952"]
[PlyCount "76"]
[EventDate "2015.??.??"]
[WhiteTeam "TSG Apolda"]
[BlackTeam "SV Medizin Erfurt"]

1. Nf3 Nc6 2. d4 d6 3. g3 Nf6 4. Bg2 g6 5. c4 Bg7 6. Nc3 O-O 7. O-O e5 8. d5
Ne7 9. c5 Bg4 10. cxd6 cxd6 11. Qb3 Rb8 12. Be3 Nc8 13. Rac1 b5 14. h3 Bd7 15.
Ne1 a5 16. Nd3 Nb6 17. Rfd1 b4 18. Bxb6 Qxb6 19. Nb1 e4 20. Ne1 a4 21. Qe3 Qxe3
22. fxe3 Bb5 23. Kf2 Nd7 24. Bxe4 Bxb2 25. Rc2 a3 26. Rc7 Nc5 27. Bd3 b3 28.
Nxa3 Bxa3 29. axb3 Bxd3 30. Nxd3 Rxb3 31. Nf4 Re8 32. Ng2 Ne4+ 33. Kf3 Ng5+ 34.
Kg4 h6 35. Rd4 Bc5 36. Rf4 Bxe3 37. Nxe3 Rexe3 38. Rc8+ Kg7 0-1

[Event "Thüringenliga 2015/2016"]
[Site "?"]
[Date "2015.11.08"]
[Round "3"]
[White "Nguyen, Ha Thanh"]
[Black "Schmidt, Matthias"]
[Result "0-1"]
[WhiteElo "1664"]
[BlackElo "1950"]
[PlyCount "78"]
[EventDate "2015.??.??"]
[WhiteTeam "SV Medizin Erfurt"]
[BlackTeam "TSG Apolda"]

1. e4 g6 2. d4 Bg7 3. Nf3 d6 4. Bc4 Nf6 5. Nbd2 O-O 6. O-O Nc6 7. c3 e5 8. dxe5
dxe5 9. Re1 Qe7 10. Nf1 Na5 11. Bb5 a6 12. Ba4 Rd8 13. Qe2 b6 14. Bg5 h6 15.
Bh4 Bb7 16. Bc2 Bc6 17. a4 Nb7 18. Qc4 Qe8 19. N1d2 g5 20. Bg3 g4 21. Nxe5 Rxd2
22. Bd3 Na5 23. Qa2 Nh5 24. Nxc6 Nxc6 25. Bc4 Nxg3 26. hxg3 Ne5 27. Bf1 Nd3 28.
Bxd3 Rxd3 29. Qc4 Rd2 30. b3 Qe5 31. Rac1 a5 32. Re3 Rad8 33. Qf1 h5 34. Ree1
R8d3 35. Rcd1 Qxc3 36. Rxd2 Rxd2 37. Rc1 Qxb3 38. Qe1 Qd3 39. Kh2 Bd4 0-1

[Event "Thüringenliga 2015/2016"]
[Site "?"]
[Date "2015.11.08"]
[Round "3"]
[White "Steinacker, Alex"]
[Black "Welde, Kevin"]
[Result "1-0"]
[WhiteElo "2177"]
[BlackElo "1933"]
[PlyCount "41"]
[EventDate "2015.??.??"]
[WhiteTeam "Erfurter Schachklub"]
[BlackTeam "VfL 1990 Gera"]

1. g3 Nf6 2. Bg2 g6 3. Nf3 Bg7 4. O-O O-O 5. d3 d5 6. Nbd2 c6 7. e4 dxe4 8.
dxe4 Qc7 9. Qe2 b5 10. e5 Ng4 11. Re1 h5 12. Nb3 a5 13. Bf4 e6 14. h3 Nh6 15.
Nc5 Nd7 16. Ne4 Nf5 17. g4 hxg4 18. hxg4 Ne7 19. Bg3 Ba6 20. Nf6+ Kh8 21. Qd2
1-0

[Event "Thüringenliga 2015/2016"]
[Site "?"]
[Date "2015.11.08"]
[Round "3"]
[White "Seidens, Gunter"]
[Black "Casper, Thomas"]
[Result "1/2-1/2"]
[WhiteElo "1861"]
[BlackElo "2324"]
[PlyCount "49"]
[EventDate "2015.??.??"]
[WhiteTeam "VfL 1990 Gera"]
[BlackTeam "Erfurter Schachklub"]

1. d4 Nf6 2. Nf3 d6 3. Nc3 Nbd7 4. e4 e5 5. dxe5 dxe5 6. Bc4 Bc5 7. O-O O-O 8.
Bg5 c6 9. a4 a5 10. Qe2 h6 11. Bd2 Re8 12. Rad1 Qe7 13. Nh4 Nb6 14. Bb3 Bg4 15.
Nf3 Bb4 16. h3 Bxf3 17. Qxf3 Nbd7 18. Ne2 Bxd2 19. Rxd2 Nc5 20. Ng3 g6 21. Rfd1
Red8 22. Qe3 Rxd2 23. Rxd2 Kg7 24. f3 b6 25. Kf2 1/2-1/2